Movimientos sociales y democracia: los conflictos por la constitución de un nuevo orden /

Analiza las perspectivas de cambio de los procesos políticos que se presentan en América Latina, especialmente en América del Sur, como consecuencia de la revalorización de la democracia en algunos países y el creciente desarrollo e influencia de los movimientos populares en el marco institucional y...

Celý popis

Uloženo v:
Podrobná bibliografie
Hlavní autor: Calderón Gutiérrez, Fernando
Další autoři: Dos Santos, Mario R.
Médium: Text
Témata:
Tagy: Přidat tag
Žádné tagy, Buďte první, kdo vytvoří štítek k tomuto záznamu!

MARC

LEADER 00000 a a2200000 04500
001 1847
003
040
100 |a Calderón Gutiérrez, Fernando  
245 |a Movimientos sociales y democracia: los conflictos por la constitución de un nuevo orden /  |c Fernando Calderón Gutiérrez 
520 |a Analiza las perspectivas de cambio de los procesos políticos que se presentan en América Latina, especialmente en América del Sur, como consecuencia de la revalorización de la democracia en algunos países y el creciente desarrollo e influencia de los movimientos populares en el marco institucional y en la sociedad global. Establece las pautas políticas y los cambios hacia la democracia habidos en América Latina, básicamente en la constitución de un nuevo orden. CEM/mb  
650 |a DEMOCRACIA  
650 |a MOVIMIENTOS SOCIALES  
650 |a PROBLEMAS POLITICOS  
650 |a ESTADO  
650 |a POLITICA SOCIAL  
650 |a PODER POLITICO  
650 |a GOBIERNO  
650 |a MARCO INSTITUCIONAL  
700 |a Dos Santos, Mario R.  
773 |g número 24; páginas 11-32  
999 |c 21335  |d 21335